Premières paroles - Michael Jackson #2 - Statistiques

Statistiques générales
  • Ce quiz a été pris 184 fois
  • Le résultat moyen est 6 sur 15
Statistiques - réponses
Début de la chanson Réponse % Correct
"Hey, pretty baby with the high heels on..." The Way You Make Me Feel
83%
There's a place in your heart, And I know that is love..." Heal the World
67%
"I'm gonna make a change, For once in my life..." Man in the Mirror
67%
"She got your number, ah, She know your game, ah..." Blood on the Dance Floor
50%
"I don't care what you talkin' bout, baby, I don't care what you say..." Leave Me Alone
50%
"You'll never make me stay, So take your weight off of me..." Dirty Diana
48%
"I took my baby on a Saturday bang, Boy is that girl with you ?..." Black Or White
41%
"You know you, you make me feel so good inside, I always wanted a girl just like you..." P.Y.T. (Pretty Young Thing)
35%
Every night she walks right in my dreams, Since I met her from the start..." The Girl Is Mine
33%
"The way she came into the place, I knew right then and there..." Dangerous
32%
"We're takin over, We have the truth..." Another Part of Me
24%
"When the world is on your shoulder..." Off the Wall
23%
"As I drove across on the highway, My Jeep began to rock..." A Place with No Name
21%
"Somebody shakes when the wind blows, Somebody's missing a friend, hold on..." Cry
13%
"Here come ol' flat top, He come groovin' up slowly..." Come Together
11%
Aucun quiz correspondant
Distribution des résultats
% des personnes avec chaque résultat
Percentile par nombre de réponses
Votre historique - résultats
Vous n’avez pas pris ce quiz